Angličtina pre poslucháčov SjF a EF /

Uloženo v:
Podrobná bibliografie
Hlavní autor: Adamcová, Eva
Médium: Kniha
Jazyk:slovenština
angličtina
Vydáno: Bratislava : Slovenská vysoká škola technická v Bratislave, 1981
On-line přístup: Získat plný text
Tagy: Přidat tag
Žádné tagy, Buďte první, kdo vytvoří štítek k tomuto záznamu!

MARC

LEADER 00000nam a2200000 4500
003 SK-BrCVT
005 20220621144527.0
008 880101s1981 cs e ||||||slo d
035 |a CVTIDW0921250 
040 |b slo  |a CVTI SR 
041 0 |a slo  |a eng 
044 |a cs 
080 |a 802.0:621+621.3(075.8)  |2 UDC-MRF 
100 1 |a Adamcová, Eva 
245 1 0 |a Angličtina pre poslucháčov SjF a EF /  |c Autori: Eva Adamcová a kol. 
260 |a Bratislava :  |b Slovenská vysoká škola technická v Bratislave,  |c 1981 
300 |a 122 s. 
910 |b S392221 - S392257  |b S392259  |b S392260  |b S392258 odpis 
974 |f Knihy 
992 |a ASK 
999 |c 78924  |d 78924